2000 MLB Playoff Lineups - Statistics

General Stats
  • This quiz has been taken 32 times
  • The average score is 47 of 107
Answer Stats
Hint Hint Answer % Correct
Atlanta Braves CF Andruw Jones
100%
New York Mets SP Bobby Jones
100%
Atlanta Braves 3B Chipper Jones
100%
New York Yankees SS Derek Jeter
100%
Seattle Mariners DH Edgar Martinez
93%
New York Yankees C Jorge Posada
93%
New York Yankees 1B Tino Martinez
93%
San Francisco Giants LF Barry Bonds
87%
New York Yankees CF Bernie Williams
87%
Chicago White Sox DH Frank Thomas
87%
New York Mets C Mike Piazza
87%
Seattle Mariners SS Alex Rodriguez
80%
New York Yankees DH Chuck Knoblauch
80%
Oakland Athletics 1B Jason Giambi
80%
Chicago White Sox C Charles Johnson
73%
San Francisco Giants 2B Jeff Kent
73%
New York Yankees MGR Joe Torre
73%
Chicago White Sox SS Jose Valentin
73%
Chicago White Sox 1B Paul Konerko
73%
New York Yankees 3B Scott Brosius
73%
Oakland Athletics SP Barry Zito
67%
Atlanta Braves C Javy Lopez
67%
New York Yankees RF Paul O’Neill
67%
Atlanta Braves SP Tom Glavine
67%
St. Louis Cardinals C Carlos Hernandez
60%
Atlanta Braves SP Greg Maddux
60%
Seattle Mariners RF Jay Buhner
60%
Seattle Mariners 1B John Olerud
60%
San Francisco Giants SP Livan Hernandez
60%
Oakland Athletics SS Miguel Tejada
60%
New York Yankees SP Orlando Hernandez
60%
Oakland Athletics C Ramon Hernandez
60%
New York Mets 3B Robin Ventura
60%
New York Yankees SP Roger Clemens
60%
Oakland Athletics SP Tim Hudson
60%
New York Yankees SP Andy Pettitte
53%
Oakland Athletics MGR Art Howe
53%
Atlanta Braves MGR Bobby Cox
53%
St. Louis Cardinals SS Edgar Renteria
53%
Oakland Athletics 3B Eric Chavez
53%
Chicago White Sox RF Magglio Ordoñez
53%
San Francisco Giants SP Russ Ortiz
53%
St. Louis Cardinals MGR Tony LaRussa
53%
New York Mets MGR Bobby Valentine
47%
Seattle Mariners 3B David Bell
47%
San Francisco Giants MGR Dusty Baker
47%
Seattle Mariners SP Freddy Garcia
47%
St. Louis Cardinals CF Jim Edmonds
47%
Seattle Mariners MGR Lou Piniella
47%
Seattle Mariners CF Mike Cameron
47%
Atlanta Braves SS Rafael Furcal
47%
Chicago White Sox 2B Ray Durham
47%
Atlanta Braves LF Reggie Sanders
47%
San Francisco Giants SS Rich Aurilia
47%
New York Yankees LF David Justice
40%
New York Mets 2B Edgardo Alfonzo
40%
Seattle Mariners LF Rickey Henderson
40%
Oakland Athletics CF Terrence Long
40%
Atlanta Braves 1B Andres Galarraga
33%
St. Louis Cardinals SP Darryl Kile
33%
San Francisco Giants 1B J.T. Snow
33%
Oakland Athletics LF Ben Grieve
27%
New York Mets LF Benny Agbayani
27%
Atlanta Braves RF Brian Jordan
27%
Chicago White Sox LF Carlos Lee
27%
New York Yankees SP Denny Neagle
27%
San Francisco Giants RF Ellis Burks
27%
St. Louis Cardinals 2B Fernando Viña
27%
Atlanta Braves SP Kevin Millwood
27%
St. Louis Cardinals 3B Placido Polanco
27%
St. Louis Cardinals LF Ray Lankford
27%
New York Mets RF Timo Perez
27%
St. Louis Cardinals 1B Will Clark
27%
Seattle Mariners SP Aaron Sele
20%
New York Mets SP Al Leiter
20%
Chicago White Sox CF Chris Singleton
20%
New York Mets CF Jay Payton
20%
St. Louis Cardinals RF J.D. Drew
20%
Chicago White Sox MGR Jerry Manuel
20%
New York Yankees 2B Luis Sojo
20%
Seattle Mariners 2B Mark McLemore
20%
Oakland Athletics RF Matt Stairs
20%
New York Mets SP Mike Hampton
20%
Oakland Athletics DH Olmedo Saenz
20%
Oakland Athletics 2B Randy Velarde
20%
St. Louis Cardinals SP Rick Ankiel
20%
New York Mets SP Rick Reed
20%
San Francisco Giants SP Shawn Estes
20%
St. Louis Cardinals SP Andy Benes
13%
San Francisco Giants 3B Bill Mueller
13%
San Francisco Giants C Bobby Estalella
13%
Oakland Athletics SP Gil Heredia
13%
Chicago White Sox 3B Herbert Perry
13%
Chicago White Sox SP James Baldwin
13%
Chicago White Sox SP Jim Parque
13%
Seattle Mariners C Joe Oliver
13%
Seattle Mariners SP John Halama
13%
Oakland Athletics SP Kevin Appier
13%
San Francisco Giants CF Marvin Bernard
13%
New York Mets SS Mike Bordick
13%
Chicago White Sox SP Mike Sirotka
13%
Seattle Mariners SP Paul Abbott
13%
New York Mets 1B Todd Zeile
13%
St. Louis Cardinals SP Garrett Stephens
7%
Atlanta Braves 2B Keith Lockhart
7%
San Francisco Giants SP Mark Gardner
7%
St. Louis Cardinals SP Pat Hentgen
7%
No matching quizzes found
Score Distribution
Percent of People with Each Score
Percentile by Number Answered
Your Score History
You have not taken this quiz